Fr. Conceicao Rodrigues College of Engineering

Piping Guide (Record no. 34028)

MARC details
000 -LEADER
fixed length control field 00313nam a2200145Ia 4500
082 ## - DEWEY DECIMAL CLASSIFICATION NUMBER
Classification number 621.8672she
100 ## - MAIN ENTRY--PERSONAL NAME
Personal name Sherwood/ D.R.
245 ## - TITLE STATEMENT
Title Piping Guide
260 ## - PUBLICATION, DISTRIBUTION, ETC.
Name of publisher, distributor, etc. Syentek bks Co.
Place of publication, distribution, etc. San Franciss
Date of publication, distribution, etc. 1980
490 ## - SERIES STATEMENT
Volume/sequential designation I
546 ## - LANGUAGE NOTE
Language note ENGLISH
650 ## - SUBJECT ADDED ENTRY--TOPICAL TERM
Topical term or geographic name entry element Carpentery
654 ## - SUBJECT ADDED ENTRY--FACETED TOPICAL TERMS
Focus term Piping guide
942 ## - ADDED ENTRY ELEMENTS (KOHA)
Koha item type BOOK
Holdings
Withdrawn status Lost status Damaged status Not for loan Collection Home library Current library Shelving location Date acquired Source of acquisition Cost, normal purchase price Inventory number Total Checkouts Full call number Barcode Date last seen Cost, replacement price Price effective from Koha item type
        AFT Fr. Agnel's C.Rodrigues College of Engineering Fr. Agnel's C.Rodrigues College of Engineering   17/03/2023 UBS 366.75 T-946   621.8672she AFT3508 17/03/2023 366.75 17/03/2023 BOOK